Proceedings (Record no. 557081)

MARC details
000 -LEADER
fixed length control field 00712nam a2200229Ia 4500
003 - CONTROL NUMBER IDENTIFIER
control field OSt
005 - DATE AND TIME OF LATEST TRANSACTION
control field 20220925211227.0
008 - FIXED-LENGTH DATA ELEMENTS--GENERAL INFORMATION
fixed length control field 220923b |||||||| |||| 00| 0 eng d
037 ## - SOURCE OF ACQUISITION
Terms of availability General Book
040 ## - CATALOGING SOURCE
Original cataloging agency RTL
Transcribing agency RTL
Language of cataloging eng
041 ## - LANGUAGE CODE
Source of code eng
Language code of text/sound track or separate title eng
111 ## - MAIN ENTRY--MEETING NAME
Meeting name or jurisdiction name as entry element National Meet of Students of Management and Labour Studies (1972 : Jamshedpur India)
9 (RLIN) 274109
245 #0 - TITLE STATEMENT
Title Proceedings
Remainder of title Growth social justice and the Indan
260 ## - PUBLICATION, DISTRIBUTION, ETC.
Place of publication, distribution, etc. Jamshedpur
Name of publisher, distributor, etc. Xavier Institute India
Date of publication, distribution, etc. 1972
300 ## - PHYSICAL DESCRIPTION
Extent 267p.
Dimensions cm.
650 ## - SUBJECT ADDED ENTRY--TOPICAL TERM
Topical term or geographic name entry element Executive
9 (RLIN) 233834
942 ## - ADDED ENTRY ELEMENTS (KOHA)
Classification part X:87p2,N72, L2
Koha item type General Books
Source of classification or shelving scheme Colon Classification (CC)
Holdings
Withdrawn status Lost status Damaged status Not for loan Home library Current library Date acquired Total Checkouts Full call number Barcode Date last seen Price effective from Koha item type
        Ratan Tata Library Ratan Tata Library 2022-09-25   X:87p2,N72 L2 RT0410096 2022-09-25 2022-09-25 General Books
Copyright @ Delhi University Library System